Southville International School and Colleges
Your cart is empty.
  • Cart
  • Lists
    Public lists Eva Luna New books Lux_list list_1
    Your lists Log in to create your own lists
  • Log in to your account
  • Your cookies
  • Search history
Southville International School and Colleges
  • Advanced search
  • Recent comments
  • Most popular
  • Libraries

Log in to your account

Log in with GOOGLE


If you do not have an external account, but do have a local account, you can still log in:

  1. Home
  2. MARC view: A groovy guide :
Normal view MARC view ISBD view

A groovy guide : (Record no. 339767)

[ view plain ]
MARC details
000 -LEADER
fixed length control field 00574nam a2200229Ia 4500
008 - FIXED-LENGTH DATA ELEMENTS--GENERAL INFORMATION
fixed length control field 170711s9999 xx 000 0 und d
050 ## - LIBRARY OF CONGRESS CALL NUMBER
Classification number 745
050 ## - LIBRARY OF CONGRESS CALL NUMBER
Item number P252 1969
100 ## - MAIN ENTRY--PERSONAL NAME
Personal name Parks, Anne
245 #2 - TITLE STATEMENT
Title A groovy guide :
245 ## - TITLE STATEMENT
Remainder of title decorating your room: 501 ways to make it happen /
245 ## - TITLE STATEMENT
Statement of responsibility, etc by Anne Parks.
260 ## - PUBLICATION, DISTRIBUTION, ETC. (IMPRINT)
Place of publication, distribution, etc New York :
260 ## - PUBLICATION, DISTRIBUTION, ETC. (IMPRINT)
Name of publisher, distributor, etc Signet Book,
260 ## - PUBLICATION, DISTRIBUTION, ETC. (IMPRINT)
Date of publication, distribution, etc 1969
300 ## - PHYSICAL DESCRIPTION
Extent 176 pages :
300 ## - PHYSICAL DESCRIPTION
Other physical details some colored illustrations ;
300 ## - PHYSICAL DESCRIPTION
Dimensions 10cm.
650 ## - SUBJECT ADDED ENTRY--TOPICAL TERM
Topical term or geographic name as entry element Bedrooms.
650 ## - SUBJECT ADDED ENTRY--TOPICAL TERM
Topical term or geographic name as entry element Interior decorations.
700 ## - ADDED ENTRY--PERSONAL NAME
Personal name Title.

No items available.

A groovy guide :

APA

Parks A., Title, .A groovy guide. New York: .

Chicago

Parks Anne, Title, .A groovy guide. New York: .

Harvard

Parks A., Title, .A groovy guide. New York: .

MLA

Parks Anne, Title, .New York: . .

  • Print
  • Cite
  • Add to your cart (remove)
  • Save record
    BIBTEX Dublin Core MARCXML MARC (non-Unicode/MARC-8) MARC (Unicode/UTF-8) MARC (Unicode/UTF-8, Standard) MODS (XML) RIS
  • More searches
    Search for this title in:
    Other Libraries (WorldCat) Other Databases (Google Scholar) Online Stores (Bookfinder.com) Open Library (openlibrary.org)

Exporting to Dublin Core...

SOUTHVILLE LIBRARY

Southville International School and Colleges Library

1281 Tropical Ave. Cor. Luxembourg St., BF Homes International, Las Pinas City

Tel. No. 8256374 / 252358 Loc. 117/146

Powered by Koha